000 00606nam a2200205Ii 4500
001 6766
003 CO-ViMGA
008 241108s9999||||xx |||||||||||||| ||und||
040 _aCO-ViMGA
_bspa
_erda
_cCO-ViMGA
041 0 _aunk
082 0 4 _a863.62-A357t
100 1 _aIgnacio Aldecoa
_955106
245 1 0 _a<La> Tierra de Nadie y otros relatos
264 1 _a[Lugar de publicación no identificado] : Salvat, 1970
300 _avolumen
336 _atext
_btxt
_2rdacontent
337 _aunmediated
_bn
_2rdamedia
338 _avolume
_bnc
_2rdacarrier
940 _aidficha_siabuc: 6612. -- ficha_no_siabuc:6766
999 _c52504
_d52504